Anglais-verbes irréguliers (1) - Statistiques

Statistiques générales
  • Ce quiz a été pris 2 511 fois
  • Le résultat moyen est 83 sur 170
Statistiques - réponses
Base Verbale Prétérit Participe Passé Traduction % Correct
Become Became Become Devenir
89%
Cut Cut Cut Couper
87%
Do Did Done Faire
87%
Break Broke Broken Casser
86%
Build Built Built Construire
86%
Draw Drew Drawn Dessiner/ Tirer
86%
Eat Ate Eaten Manger
86%
Fly Flew Flown Voler
86%
Steal Stole Stolen Voler/ Dérober
86%
Come Came Come Venir
85%
Buy Bought Bought Acheter
84%
Have Had Had Avoir
84%
Drink Drank Drunk Boire
84%
Choose Chose Chosen Choisir
84%
Begin Began Begun Commencer
84%
Go Went Gone Aller
83%
Drive Drove Driven Conduire
83%
Pay Paid Paid Payer
83%
Leave Left Left Laisser/ Quitter/ Partir
82%
Give Gave Given Donner
81%
Write Wrote Written Écrire
81%
Lose Lost Lost Perdre
81%
Can Could Could Pouvoir
81%
Meet Met Met Rencontrer
81%
See Saw Seen Voir
81%
Know Knew Known Connaître/ Savoir
80%
Tell Told Told Dire/ Raconter
80%
Read Read Read Lire
80%
Forget Forgot Forgotten/ Forgot Oublier
80%
Dream Dreamt/ Dreamed Dreamt/ Dreamed Rêver
80%
Learn Learnt Learnt Apprendre
79%
Run Ran Run Courir
79%
Say Said Said Dire
79%
Find Found Found Trouver
79%
Fall Fell Fallen Tomber
78%
Beat Beat Beaten Battre
77%
Burn Burnt/ Burned Burnt/ Burned Brûler
77%
Speak Spoke Spoken Parler
77%
Take Took Taken Prendre
77%
Win Won Won Gagner
76%
Swim Swam Swum Nager
76%
Smell Smelt Smelt Sentir
76%
Cost Cost Cost Coûter
75%
Sleep Slept Slept Dormir
75%
Hear Heard Heard Entendre
75%
Put Put Put Mettre
75%
Freeze Froze Frozen Geler
74%
Bite Bit Bitten Mordre
74%
Catch Caught Caught Attraper
73%
Think Thought Thought Penser
73%
Sell Sold Sold Vendre
72%
Understand Understood Understood Comprendre
71%
Keep Kept Kept Garder
71%
Grow Grew Grown Grandir/ Pousser
71%
Bear Bore Borne/born Porter/ Supporter/ Naître
71%
Sing Sang Sung Chanter
70%
Send Sent Sent Envoyer
70%
Let Let Let Permettre/ Louer/ Laisser
70%
Feel Felt Felt Se sentir/ Ressentir
70%
Shoot shot shot Tirer/ Fusiller
70%
Bleed Bled Bled Saigner
68%
Make Made Made Fabriquer
67%
Quit Quit Quit Quitter
67%
Fight Fought Fought Se battre
65%
Bring Brought Brought Apporter
64%
Teach Taught Taught Enseigner
64%
Forgive Forgave Forgiven Pardonner
64%
Hurt Hurt Hurt Blesser
63%
Shine Shone Shone Briller
63%
Hide Hid Hidden Cacher
63%
Bet Bet Bet Parier
63%
Hang Hung Hung Tenir/ Pendre
63%
Strike Struck Stricken/ Struck Frapper
61%
Prove Proved Proven/ Proved Prouver
61%
Wake Woke Woken Réveiller
61%
Ring Rang Rung Sonner/ Téléphoner
61%
Hold Held Held Tenir
61%
Show Showed Shown Montrer
60%
Feed Fed Fed Nourrir
60%
Shake Shook Shaken Secouer
60%
Blow Blew Blown Souffler/ Gonfler
59%
Stand Stood Stood Être debout/ Se lever
57%
Get Got Gotten/ Got Obtenir
57%
Light Lit/ Lighted Lit/ Lighted Allumer
56%
Forbide Forbade Forbidden Interdire
56%
Rise Rose Risen Lever/ Monter
55%
Spend Spent Spent Dépenser/ Passer du temps
53%
Awake Awoke Awoken Se réveiller
53%
Slide Slid Slid Glisser
50%
Mean Meant Meant Signifier
50%
Spell Spelt Spelt Épeler/ Orthographier
49%
Shut Shut Shut Fermer
49%
Throw Threw Thrown Jeter
48%
Cast Cast Cast Jeter/ Distribuer (rôles)
48%
Dig Dug Dug Creuser
46%
Spin Spun Spun Tourner/ Faire tourner
46%
Stick Stuck Stuck Coller
45%
Swear Swore Sworn Jurer
44%
Hit Hit Hit Taper/ Appuyer
44%
Lead Led Led Mener/ Guider
42%
Sweat Sweat/ Sweated Sweat/ Sweated Suer
41%
Wet Wet/ Wetted Wet/ Wetted Mouiller
39%
Relay Relaid Relaid Relayer
38%
Clothe Clad/ Clothed Clad/ Clothed Habiller/ Recouvrir
37%
Sit Sat Sat S’asseoir
37%
Kneel Knelt/ Knelled Knelt/ Knelled S’agenouiller
36%
Dive Dived Dived/ Dove Plonger
34%
Seek Sought Sought Chercher
32%
Bend Bent Bent Plier/ Se courber/ Se pencher
32%
Broadcast Broadcast Broadcast Diffuser/ Émettre
31%
Burst Burst Burst Éclater
31%
Spoil Spoilt Spoilt Gâcher/ Gâter
31%
Lie Lay Lain S’allonger
31%
Sink Sank/ Sunk Sunk/ Sunken Couler
30%
Deal Dealt Dealt Distribuer/ Gérer
29%
Lend Lent Lent Prêter
29%
Weep Wept Wept Pleurer
28%
Lay Laid Laid Poser
28%
Forsee Forsaw Forseen Prévoir/ Présentir
27%
Forecast Forcast Forcast Prévoir
26%
Plead Pled/ Pleaded Pled/ Pleaded Supplier/ Plaider
26%
Spit Spat/ Spit Spat/ Spit Cracher
25%
Stink Stank Stunk Puer
25%
Spill Spilt/ Spilled Spilt/ Spilled Renverser/ Répandre
25%
Shoe Shod Shod Chausser
24%
Rend Rent Rent Déchirer
24%
Tear Tore Torn Déchirer
24%
Fling Flung Flung Lancer
23%
Creep Crept Crept Ramper
22%
Sweep Swept Swept Balayer
21%
Leap Leapt/ Leaped Leapt/ Leaped Sauter/ Bondir
20%
Flee Fled Fled S’enfuir/ Fuir
20%
Mow Mowed Mowed/ Mown Tondre
19%
Slay Slew Slain Tuer
19%
Sting Stung Stung Piquer
18%
Forsake Forsook Forsaken Abandonner
17%
Speed Sped Sped Aller vite
17%
Saw Saw/ Sawed Sawn/ Sawed Scier
17%
Grind Ground Ground Moudre/ Opprimer/ Broyer
16%
Bid Bid/ Bade Bid/ Bidden Offrir/ Enchérir/ Gaspiller
16%
Swing Swung Swung Se balancer
16%
Overcome Overcame Overcome Surmonter
16%
Set Set Set Fixer/ Régler
15%
Shed Shed Shed Répandre/ Laisser tomber
15%
Arise Arose Arisen Survenir
15%
Dwell Dwelt Dwelt/ Dwelled Habiter
14%
Abide Abode Abode Respecter/Se conformer à
13%
Cling Clung Clung S’accrocher
13%
Lean Leant/ Leaned Leant/ Leaned S’incliner/ Se pencher
13%
Wring Wrung Wrung Tordre
12%
Spread Spread Spread Répendre
11%
Spring Sprang Sprung Surgir/ Jaillir/ Bondir
11%
Rid Rid Rid Débarrasser
10%
Chide Chid/ Chode Chid/ Chidden Gronder
10%
Undergo Underwent Undergone Subir
10%
Slit Slit Slit Fendre
9%
Split Split Split Fendre
9%
Swell Swelled/ Sweated Swollen Gonfler/ Enfler
9%
Sow Sowed Sown/ Sowed Semer
9%
Withdraw Withdrew Withdrawn Se retirer
9%
Patake Partook Partaken Prendre part à
8%
Preset Preset Preset Programmer
8%
Beget Begat/ begot Begotten Engendrer
7%
Offset Offset Offset Compenser
5%
Typeset Typeset Typeset Composer
5%
Thrust Thrust Thrust Enfoncer
4%
Wind Wound Wound Enrouler/ Remonter
4%
Strew Strewed Strewn/ Strewed Éparpiller
4%
Thrive Throve/ Thrived Thriven/ Thrived Prospérer
3%
Strive Strove Striven S’efforcer
3%
Aucun quiz correspondant
Distribution des résultats
% des personnes avec chaque résultat
Percentile par nombre de réponses
Votre historique - résultats
Vous n’avez pas pris ce quiz